Lecciones bíblicas: guía para el conocimiento de la Biblia

Uloženo v:
Podrobná bibliografie
Hlavní autor: Miranda Arraiza, José Miguel (autor)
Médium: Kniha
Jazyk:španělština
Vydáno: Bogotá Paulinas 1991
Vydání:14a. ed
Edice:Colección Bíblica
Témata:
Tagy: Přidat tag
Žádné tagy, Buďte první, kdo vytvoří štítek k tomuto záznamu!

MARC

LEADER 00000nam a2200000 a 4500
001 UCX4869
003 CL-VaPUC
008 920806e19910000CK |||||||||||||||||spa|d
082 0 4 |a 220.61  |b MIR  |2 21 
100 |a Miranda Arraiza, José Miguel  |e autor  |9 481391 
245 1 0 |a Lecciones bíblicas: guía para el conocimiento de la Biblia 
250 |a 14a. ed 
300 |a 193 p 
942 |c BK 
945 |d 19920806 00:00:00 
260 |a Bogotá  |b Paulinas  |c 1991 
650 0 |a Biblia  |9 257603 
650 0 |a Textos sagrados   |9 257605 
583 |a last modification  |c 20170628 11:48:14  |k Rodrigo Vera 
490 0 |a Colección Bíblica 
999 |c 225242  |d 225240 
952 |0 0  |1 0  |4 0  |6 220_610000000000000_MIR_1991  |7 0  |8 A  |9 222611  |a BIBTEO  |b BIBTEO  |d 2019-11-15  |i 2914131  |o 220.61 MIR 1991  |p 2914131  |r 2025-01-17  |w 2019-11-15  |y BK  |k ICR